01746nam a2200241Ia 4500001000600000003000900006008004100015040001300056040001300069041001300082100001600095100002900111245003300140245007200173250001100245260001100256260001300267260004900280300005900329500105100388650003401439650003101473H4643IT-RoPAU130308s9999 xx 000 0 und d aIT-RoPAU cIT-RoPAU aITALIANO aTosi Emilio gCodice Aut. SPICS: 57711 aResponsabilità civili (Le) bProblemi giuridici di internet (I) - Dall'E-Commerce All'E-Business a3a ed. aMILANO bGiuffre' c2003 [1° Ed.:2003 - Ed.Ling.Originale:2003] a"87 p. (prefazione: no ; testo: 87 [pagine: 495-582])" aFonti. Introduzione. Responsabilità Contrattuale in Generale. Responsabilità Contrattuale degli Operatori. Clausole D'Esonero Responsabilità. Responsabilità Contrattuale Utenti. Responsabilità per Fatto Illecito in Generale. Responsabilità Civili connesse violazione Diritti Proprietà Industriale: Domain Grabbing. concorrenza Sleale Online. Responsabilità Civili connesse violazione Diritti Proprietà Intellettuale. Browsing: Rinvio. Linking. Framing. Linking e Framing nella Giurisprudenza. utilizzo Illecito Stringhe Ipertestuali (Meta Tag). utilizzo Illecito di Meta tag nella Giurisprudenza. Responsabilità per Fatto Illecito connesse tutela Privacy e Inosservanza Obblighi sicurezza in Rete. Responsabilità Civile Operatori per Omesso Controllo Sui contenuti del sito Web. Responsabilità Prestatori di Servizi Intermediari nella Società dell'informazione Delineato Artt. 13, 15, 16, 17 D.Lgs. 70/2003. Responsabilità Indiretta Datore di Lavoro per Fatti Illeciti Commessi Dai Dipendenti. Osservazioni Conclusive. aDIRITTO NELLA MULTIMEDIALITA' eCodice materia Spics: 4621